Nové trendy v marketingovej komunikácii územia
Teoretické vymedzenie marketingovej komunikácie územia. Nové trendy v marketingovej komunikácii územia a ich význam pre konkurencieschopnosť územia.
Enregistré dans:
| Auteur principal: | |
|---|---|
| Autres auteurs: | , |
| Format: | Chapitre de livre |
| Langue: | slovaque |
| Sujets: | |
| Tags: |
Pas de tags, Soyez le premier à ajouter un tag!
|
MARC
| LEADER | 00000nla a2200000 4500 | ||
|---|---|---|---|
| 001 | 0199977 | ||
| 005 | 20240417075056.3 | ||
| 041 | 0 | |a slo | |
| 044 | |a CZ | ||
| 245 | 1 | 0 | |a Nové trendy v marketingovej komunikácii územia |c Anna Vaňová, Alica Božíková, Ľudmila Nagyová |
| 520 | |a Teoretické vymedzenie marketingovej komunikácie územia. Nové trendy v marketingovej komunikácii územia a ich význam pre konkurencieschopnosť územia. | ||
| 610 | 2 | 0 | |a marketing územia |
| 610 | 2 | 0 | |a imidž |
| 610 | 2 | 0 | |a komunikácia marketingová |
| 610 | 2 | 0 | |a samospráva |
| 100 | 1 | |a Vaňová, Anna | |
| 700 | 1 | |a Božíková, Alica | |
| 700 | 1 | |a Nagyová, Ľudmila | |